000 00398nam a2200157Ia 4500
008 230711s9999||||xx |||||||||||||| ||und||
041 _aENG
082 _a5
_bST-L
100 _aFrank Moore Stewart 
245 0 _aIntroduction to linear algebra
250 _a1st Ed.
260 _c1990
_aNew Delhi
_bPrentice-Hall of India Private Limited
300 _a280
650 _aMathematics
942 _cBK
999 _c1995
_d1995